Cardillo: (Record no. 1865)

MARC details
000 -LEADER
campo de control de longitud fija 01392nam a2200157 4500
008 - DATOS DE LONGITUD FIJA--INFORMACIÓN GENERAL
campo de control de longitud fija 708 C267c
020 ## - NÚMERO INTERNACIONAL ESTÁNDAR DEL LIBRO
Número Internacional Estándar del Libro 9789974363632
082 ## - NÚMERO DE LA CLASIFICACIÓN DECIMAL DEWEY
Número de clasificación 708
Número de ítem C267c
100 ## - ENTRADA PRINCIPAL--NOMBRE DE PERSONA
Nombre de persona Willers, Karl Emil (curaduría)
9 (RLIN) 7221
245 ## - MENCIÓN DEL TÍTULO
Título Cardillo:
Resto del título del río de la Plata al valle del río Hudson
260 ## - PUBLICACIÓN, DISTRIBUCIÓN, ETC.
Lugar de publicación, distribución, etc. Uruguay
Nombre del editor, distribuidor, etc. Museo Nacional de Artes Visuales
Fecha de publicación, distribución, etc. 2018
300 ## - DESCRIPCIÓN FÍSICA
Extensión 230 p.
Otras características físicas il. (col)
Dimensiones 28 x 24 cm
505 ## - NOTA DE CONTENIDO CON FORMATO
Título Prólogo / Prologue
Mención de responsabilidad Enrique Aguerre
Título Rimer Cardillo: del Río de la Plata al valle del río Hudson / Rimer Cardillo: from the Río de la Plata to the río Hudson River Valley
Mención de responsabilidad Karl Emil Willers
Título Poética y política de una representación de la naturaleza / Poetics and Politics of a Representation of Nature
Mención de responsabilidad Manuel Neves
Título Matrices simbólicas de un acervo ancestral / Symbolic Matrices of an Ancestral Heritage
Mención de responsabilidad Cecilia Marina Slaby
Título Rimer Cardillo: una confederación de atributos / Rimer Cardillo: A Confederation of Atributes
Mención de responsabilidad Linda Weintraub
Título Escenografías de insectos / Insect stage sets
Mención de responsabilidad Rimer Cardillo
Título Por las tierras de Quiroga / Intro the Lands of Quiroga
Mención de responsabilidad Rimer Cardillo
Título Búho / Owl
Mención de responsabilidad Rimer Cardillo
Título Caparazones / Carapaces
Mención de responsabilidad Rimer Cardillo
Título Obras expuestas / Works in the Exhibition
-- Cronología / Chronology
-- Créditos / Credits
650 ## - PUNTO DE ACCESO ADICIONAL DE MATERIA--TÉRMINO DE MATERIA
Subdivisión general arte contemporáneo
-- arte - exhibiciones
-- Cardillo, Rimer
-- Grabado
-- Escultura
-- Uruguay
9 (RLIN) 7222
700 ## - ENTRADA AGREGADA--NOMBRE PERSONAL
Nombre de persona Neves, Manuel (curaduría)
9 (RLIN) 7191
Holdings
Estatus retirado Estado de pérdida Fuente del sistema de clasificación o colocación Estado de daño No para préstamo Biblioteca de origen Biblioteca actual Ubicación en estantería Fecha de adquisición Total de préstamos Signatura topográfica completa Código de barras Visto por última vez Precio de reemplazo Tipo de ítem Koha
    Clasificación Decimal Dewey     Biblioteca LadoV Biblioteca LadoV   26/10/2019   708 C267c 004845 26/10/2019 26/10/2019 Material 01